Riconosci il Pokémon - Quiz n°752 - Statistics

Statistiche generali
  • Questo quiz è stato fatto 5 volte
  • Il punteggio medio è 4 su 10
Statistiche sulle risposte
Indizio Riposta % Corretto
Generazione Nona
100%
Tipo Normale
80%
Abilità Aromavelo; Voracità; Grassospesso
60%
Stadio evoluzione Forma Base
60%
Altezza 0,5 m
20%
Peso 10,2 kg
20%
Tasso di cattura 255 (43.9%)
20%
Sesso 50% ♂, 50% ♀
20%
Pokémon Lechonk
20%
Tasso di allevamento Medio-Veloce
20%
Nessun quiz corrispondente trovato
Distribuzione punteggi
Percentuale di utenti per punteggio
Percentile per numero di risposta
I tuoi punteggi nel tempo
Non hai fatto questo quiz